El Arquitecto provincial señor Baldrich, en el Congreso de Urbanismo de Oporto
Colección:
San Jorge,
; núm. 3 (juliol 1951), pàg. 71
MARC
| LEADER | 00000naa a2200000 a 4500 | ||
|---|---|---|---|
| 003 | Arxiu | ||
| 005 | 20260324181026.0 | ||
| 008 | 160829s1951 spc xx s spc c | ||
| 040 | |a agdb | ||
| 245 | 0 | 3 | |a El Arquitecto provincial señor Baldrich, en el Congreso de Urbanismo de Oporto |
| 490 | |a San Jorge, |v núm. 3 (juliol 1951), pàg. 71 | ||
| 600 | 1 | 0 | |9 21224 |a Baldrich i Tibau, Manuel, |d 1911-1966 |
| 611 | 0 | |9 54618 |a Congreso de la Federación del Urbanismo y de la Vivienda |n (6a : |d 1951 : |c Oporto, Portugal) | |
| 773 | |t San Jorge. |g Núm. 3 (juliol 1951), pàg. 71 | ||
| 901 | |a Arxiu | ||
| 942 | |n 1 |2 udc |c ART | ||
| 952 | |0 0 |1 0 |4 0 |6 REV508 |7 1 |9 64729 |a Arxiu |b Arxiu |d 2022-12-12 |l 0 |o Rev-508 |r 2022-12-12 00:00:00 |w 2022-12-12 |y ARXIU | ||
| 999 | |c 44081 |d 44081 | ||